Elvis Presley Songs Quiz - Statistics

General Stats
  • This quiz has been taken 964 times
  • The average score is 11 of 38
Answer Stats
Year Song % Correct
Hound Dog
81%
Jailhouse Rock
81%
1956 Heartbreak Hotel
73%
Love Me
67%
Suspicious Minds
67%
Love Me Tender
59%
Can't Help Falling in Love
55%
1972 Burning Love
49%
1958 Don't
48%
1969 In the Ghetto
47%
All Shook Up
42%
Don't be Cruel
41%
(Let Me Be Your) Teddy Bear
35%
Return to Sender
34%
It's Now or Never
31%
Are You Lonesome Tonight?
29%
1963 (You're the) Devil in Disguise
23%
1965 Crying in the Chapel
17%
1960 Stuck on You
17%
1970 The Wonder of You
14%
Hard Headed Woman
13%
One Night
13%
1961 Surrender
13%
1962 Good Luck Charm
12%
Little Sister
12%
1957 Too Much
12%
I Want You, I Need You, I Love You
11%
A Big Hunk o' Love
10%
(Marie's the Name) His Latest Flame
9%
Don't Cry Daddy
8%
She's Not You
8%
1959 (Now and Then There's) A Fool Such as I
7%
Bossa Nova Baby
6%
I Got Stung
6%
Wear My Ring Around Your Neck
6%
I Need Your Love Tonight
4%
I Beg of You
3%
I Feel So Bad
2%
No matching quizzes found
Score Distribution
Percent of People with Each Score
Percentile by Number Answered
Your Score History
You have not taken this quiz